000 00819cam a2200241 a 4500
999 _c7623
_d7623
003 OSt
005 20200317105548.0
008 061030s2007 nyua b 000 0 eng
020 _a9781568987019 (alk. paper)
082 0 0 _a720.285
_222
_bANT
245 0 0 _aNetwork practices :
_bnew strategies in architecture and design /
_cAnthony Burke and Therese Tierney, editors.
250 _a1st ed.
260 _aNew York :
_bPrinceton Architectural Press,
_cc2007.
300 _a224 p. :
_bill. (some col.) ;
_c23 cm.
504 _aIncludes bibliographical references.
650 0 _aArchitecture and technology.
650 0 _aDesign and technology.
650 0 _aComputer networks.
700 1 _aBurke, Anthony,
_d1970-
700 1 _aTierney, Therese.
906 _a7
_bcbc
_corignew
_d1
_eecip
_f20
_gy-gencatlg
942 _2ddc